Score 0/20 Timer 05:00
170 Plays Today
Hint 6-Letter Word % Correct
Coldest season❄️WINTER❄️
99.9%
1st place holderWINNER
98.1%
Immoral act committerSINNER
93.3%
Tennis requirementRACKET
87.5%
Space vehicleROCKET
86.3%
Clothing worn during [Rung 1]❄️JACKET❄️
85.4%
Gave a clueHINTED
85.1%
Green Bay footballerPACKER
84.4%
Slightly coloredTINTED
83.4%
Chased or followedHUNTED
82%
Hint 6-Letter Word % Correct
Stalker or predatorHUNTER
82%
One who colorsTINTER
80.9%
Wall street employeeBANKER
80%
SupporterBACKER
79.3%
Sand trapBUNKER
78.4%
Key location?POCKET
78%
Fishing weightSINKER
77.8%
Paper or cardboard containerPACKET
76.9%
Squat or crouch downHUNKER
76.6%
Attempt to repairTINKER
76.1%

Today's Daily Dose

Quick Pick
2004 Events

Get the Picture
Thor Movies

You're not logged in!

Compare scores with friends on all Sporcle quizzes.
OR
Log In

Sporcle TV

Today on Sporcle TV


Watch our educational content, quiz creation guides, and fun videos on Sporcle TV.

Show Comments

Extras

Top Quizzes Today


Score Distribution

Paid Content

Your Account Isn't Verified!

In order to create a playlist on Sporcle, you need to verify the email address you used during registration. Go to your Sporcle Settings to finish the process.

Report this User

Report this user for behavior that violates our Community Guidelines.

Details: